| 000 | 00879cam a2200277 a 4500 | ||
|---|---|---|---|
| 008 | |||
| 020 | _a1555703410 (pbk.) | ||
| 049 | _aMAIN | ||
| 090 |
_aZ678.93 _bUSI |
||
| 245 | 0 | 0 |
_aUsing microsoft powerpoint : _ba how-to-do-it manual for librarians / _cGregory A. Crawford ... [et al.]. |
| 260 |
_aNew York : _bNeal-Schuman, _c1998. |
||
| 300 |
_ax, 219 p. : _bill. ; _c28 cm. |
||
| 440 |
_aHow-to-do-it manuals for librarians ; _vno. 87. |
||
| 500 | _aIncludes index. | ||
| 630 | 0 | 0 | _aMicrosoft PowerPoint (Computer file) |
| 650 | 0 |
_aLibraries _xData processing. |
|
| 650 | 0 | _aComputer graphics. | |
| 700 | 1 | _aChen, J. Huijie | |
| 700 | _aWhite, Gary W. | ||
| 700 | _aStimatz, Lisa R. | ||
| 907 |
_a.b10253798 _b02-11-09 _c17-03-08 |
||
| 003 | |||
| 005 | 20230123124856.0 | ||
| 040 | _cNUST | ||
| 942 |
_cBOOKS _kZ678.93 _mUSI |
||
| 999 |
_c131779 _d131779 |
||